Villes hotes finale Ligue Europa (UEFA)- football - Statistiques

Statistiques générales
  • Ce quiz a été pris 288 fois
    251 depuis la dernière actualisation
  • Le résultat moyen est 10 sur 24
Statistiques - réponses
Année Ville % Correct
1998 Paris
81%
2018 Décines-Charpieu
77%
2005 Lisbonne
63%
2003 Séville
63%
2009 Istanbul
61%
1999 Moscou
56%
2008 Manchester
55%
2014 Turin
55%
2013 Amsterdam
50%
2011 Dublin
46%
2015 Varsovie
45%
2012 Bucarest
44%
2007 Glasgow
43%
2000 Copenhague
40%
2017 Solna
40%
2001 Dortmund
37%
2016 Bâle
31%
2002 Rotterdam
30%
2019 Bakou
28%
2010 Hambourg
22%
2020 Cologne
17%
2006 Eindhoven
14%
2021 Gdansk
12%
2004 Goteborg
12%
Aucun quiz correspondant
Distribution des résultats
% des personnes avec chaque résultat
Percentile par nombre de réponses
Votre historique - résultats
Vous n’avez pas pris ce quiz depuis la dernière actualisation